Influence of climate change on rubber honey production (Record no. 61197)

MARC details
000 -LEADER
fixed length control field 00492nam a2200193Ia 4500
100 ## - MAIN ENTRY--AUTHOR NAME
Personal name Devanesan S
245 #0 - TITLE STATEMENT
Title Influence of climate change on rubber honey production
260 ## - PUBLICATION, DISTRIBUTION, ETC. (IMPRINT)
Name of publisher Natural Rubber Research
Year of publication 2011
300 ## - PHYSICAL DESCRIPTION
Number of Pages 170-173
650 ## - SUBJECT ADDED ENTRY--TOPICAL TERM
Topical Term Climate
650 ## - SUBJECT ADDED ENTRY--TOPICAL TERM
Topical Term Honey production
650 ## - SUBJECT ADDED ENTRY--TOPICAL TERM
Topical Term Nectar
650 ## - SUBJECT ADDED ENTRY--TOPICAL TERM
Topical Term Powdery mildew
650 ## - SUBJECT ADDED ENTRY--TOPICAL TERM
Topical Term Refoliation
700 ## - ADDED ENTRY--PERSONAL NAME
Personal name Premila K S
700 ## - ADDED ENTRY--PERSONAL NAME
Personal name Shailaja K K
942 ## - ADDED ENTRY ELEMENTS (KOHA)
Koha item type Journals
Holdings
Withdrawn status Lost status Damaged status Not for loan Home library Current library Shelving location Date acquired Serial Enumeration / chronology Koha item type
      Journals RRII Library RRII Library Climate change 17/12/2021 Volume 24, Issue 1 Journals